Statistics for I Don't Wanna Live Forever - ZAYN ft. Taylor Swift (All Lyrics)

Click here to take the quiz!

General Stats

  • This quiz has been taken 648 times
  • The average score is 260 of 311

Answer Stats

Lyrics% Correct
I
99%
don't
97%
forever.
97%
live
97%
wanna
97%
a
96%
you
96%
And
92%
and
92%
in
92%
just
92%
your
91%
be
90%
the
90%
me
89%
me?
89%
back
88%
call.
88%
'Cause
88%
come
88%
home.
88%
to
88%
my
87%
no
87%
all.
86%
all
86%
Baby,
86%
baby,
86%
feel
86%
is
86%
is.
86%
name
86%
calling
85%
What
85%
TAYLORI'm
84%
keep
84%
night,
84%
night
84%
until
84%
crazy.
83%
love
83%
sitting
83%
but
82%
every
82%
eyes
82%
happening
82%
of
82%
open
82%
something,
82%
Up
82%
where
82%
day.
81%
life.
81%
living
80%
nothing.
80%
oh,
80%
wide
80%
if
78%
know
77%
mind.
76%
one
76%
thing
76%
been
75%
ZAYNBeen
75%
got
75%
I'll
75%
lost
75%
or
75%
gave
74%
bullet
73%
Give
72%
TAYLORI've
72%
vain.
72%
stuck
71%
Wondering
70%
dodged
67%
It's
67%
wherever.
67%
at
66%
hoping
66%
say
64%
you'd
64%
fit
62%
place
62%
cruel
59%
these
59%
looking
58%
tell
58%
places.
57%
like
55%
there's
55%
see
54%
'em
53%
existence
53%
sad
53%
walls,
52%
point
51%
empty
50%
nicest
50%
TAYLORNow
50%
behind
49%
four
49%
faces.
48%
cab,
45%
around
44%

Score Distribution

Percentile by Number Answered

Percent of People with Each Score

Your Score History

You have not taken this quiz